000 00764nam a2200229Ia 4500
003 GCL
008 140319s9999 xx 000 0 ara d
040 _aGCL /
_cGCL
082 0 4 _a150.03
_bع ق
100 1 _aعبدالرحمن العيسوى
245 1 0 _aقاموس مصطلحات علم النفس الحديث والتربية DICTIONARY OF MODERN PSYCHOLOGY AND EDUCATION ENGLISH - ARABIC /
_cعبدالرحمن العيسوى
700 1 _aعبدالرحمن العوضى
300 _a272
490 _aكتاب
_v0
650 0 4 _aالانسان
650 0 4 _aعلم النفس
650 0 4 _aعربى\انجليزى
650 0 4 _aالقواميس
650 0 4 _aالمعاجم المتخصصة
650 0 4 _aالمصطلحات
942 _2ddc
_cBK
999 _c42958
_d42958